| 000 | 00372pam a2200157a 44500 | ||
|---|---|---|---|
| 008 | 230405s2005 xxu||||| |||| 00| 0 eng d | ||
| 041 | _aENG | ||
| 100 | _aAYALA KENNETH | ||
| 245 | _aTHE 8051 MICROCONTROLLER | ||
| 250 | _a3RD | ||
| 260 |
_aNEW DELHI _bCENGAGE LEARNING PUB _c2005 |
||
| 300 | _aP.B,XIX,412 | ||
| 650 | _aCAD/CAM | ||
| 690 | _aCAD/CAM | ||
| 906 | _a4895 | ||
| 999 |
_c819090 _d819090 |
||